Регионална библиотека "Любен Каравелов" - Русе

Сакатото (Запис номер 421588)

MARC детайли
000 -Лидер
Контролно поле с фиксирана дължина nam a22 a 4500
003 - Код на организацията, давaща контролен номер
Контролно поле BLK
005 - Дата и час на последна редакция
Контролно поле 20210625121635.0
008 - Елементи от данни с фиксирана дължина
fixed length control field 200311b bul|||||r ||||||| ||bul||
040 ## - Източник на каталожния запис
Идентификатор на билиотеката - собственик на записа BLK
041 ## - Код за език
Код за езика на текст/звукозапис или на отделно заглавие Български
Код за езика КДБФ Български
080 ## - УДК
Текстов определител УДК Датска литература
УДК код - определител по УДК 821.113.4
УДК - код + определител 821.113.4 -93-34
100 1# - Редна дума - Автор
Автор Андерсен, Ханс Кристиан
Авторска отговорност първи автор
R(LIN) 396299
139 ## - Редно поле
Редна дума Андерсен, Ханс Кристиан
245 10 - Сведения за заглавието
Заглавие Сакатото
Подзаглавни данни Приказка
Редно поле (дума) Ханс Кристиан Андерсен; прев. Д. Мавров.
257 ## - Страна на издаване
Страна на създаване/издаване България
260 ## - Област на издателските данни
Място на издаване, разпространение и проч. София
Име на издателя, разпространителя и проч. Казанлъшка долина
Година на издаване 1931
Печатница София : Напред
300 ## - Физическа характеристика
Страници 19 с.
Размери/Мащаб 17 см
380 ## - Жанр
Жанр Детска худож. лит.
490 ## - СЕРИИ (Колекции)
Име на серия Юношеска евтина библиотека
№: серия № 33
9 (RLIN) 204473
500 ## - Общи забележки
Забележка Д. Мавров - псевд. на Делчо Марков Пейчев
700 1# - Други автори (авторска отговорност)
Лично име Мавров, Д.
Автороска отговорност (Описва отношението между автора и произведението) прев.
9 (RLIN) 396480
852 ## - Местоположение
Форматна сигнатура Цб 8.170.48265
999 ## - СИСТЕМНИ КОНТРОЛНИ НОМЕРА
Koha biblionumber 421588
Koha biblioitemnumber 421588
942 ## - АРТИКУЛИ
Вид на библиотечния материал Книги
Скрит в OPAC Не
Периодичен библиозапис Да
944 ## - СЪЗДАВАНЕ И РЕДАКЦИЯ на ЗАПИСА
Създаване/Редакция Създаване
Служител, извършил регистрацията/редакцията ВР
Наличности
Код за отписване Код за изгубен артикул Източник на класификационната схема Код за повреда Коз за рестрикции Код за отдаване Артикулен № Име на библиотеката - собственик Име на библиотеката, в която се намира в момента Статус (Текущо местоположение) Дата на вписване в системата Местоположение - отдел Цена в лева Инвентарен номер Систематично азбучна сигнатура Баркод Цена в евро Служебен тип на артикула
  Не е изгубен Universal Decimal Classification Не е повреден само за читалня ползва се в читалня 839428 Регионална библиотека "Любен Каравелов" Русе Регионална библиотека "Любен Каравелов" Русе Хранилище 2021-06-28 Основен фонд - ползва се само за читалня 0.04 11446/58 Цб 8.170.48265 900000067398 0.02 Книги
Vip Innovations Ltd, Rousse, Bulgaria 2025